Teachers and intercultural education in Mauritius.

Guardado en:
Bibliografiske detaljer
Hovedforfatter: Guruvacloo, P. (autor)
Andre forfattere: Kalla, A.C. (autor) (autor), Thancanamootoo, S. (autor) (autor)
Format: Bog
Sprog:engelsk
Serier:(Papers or teachers training and multicultural : intercultural education ; no. 18)
Fag:
Tags: Tilføj Tag
Ingen Tags, Vær først til at tagge denne postø!

MARC

LEADER 00000cam^a2200000uu^4500
001 000483480
005 20250521000000.0
008 050901s1994^^^^^^^^^^^^rd^r^^000^0^eng^d
009 20260526150519.299
035 |a FCE 000026536 
035 |a FCE 018517 
037 |a Acervo ITESO - Biblioteca 
041 |a eng 
082 0 4 |a 370.71  |b PTTM 18 
100 |a Guruvacloo, P.  |e (autor) 
245 1 0 |a Teachers and intercultural education in Mauritius. 
264 |a Suiza :  |b IBE : UNESCO,  |c 1994. 
300 |a 45 p. 
336 |a texto  |b txt  |2 rdacontenido 
337 |a sin mediación  |b n  |2 rdamedio 
338 |a volumen  |b nc  |2 rdasoporte 
440 0 |a (Papers or teachers training and multicultural :  |p intercultural education ;  |v no. 18) 
649 |a XX 
650 |a Método de enseñanza 
650 |a Educación multicultural 
650 |a Estudios interculturales 
650 |a Formación de docentes 
650 |a Investigación educativa 
650 |a Mauricio 
700 |a Kalla, A.C.  |e (autor) 
700 |a Thancanamootoo, S.  |e (autor) 
910 |a Fondo Centro de Estudios Educativos 
920 |a Impresos - Libros 
930 |a Fondos Especiales 
905 |a 133 
901 |a ALE018517  |b IT2  |c CEE  |u 20250521 
902 |a https://opac.biblio.iteso.mx/vufind/Record/000483480